000 00535nam a22002297a 4500
003 OSt
005 20250304103256.0
008 250304b |||||||| |||| 00| 0 eng d
040 _cSTCPL
041 _aENG
082 _a750
_bCOL-R
100 _a Hayes, Colin
245 _aRenoir /
_cby Colin Hayes
260 _aLondon :
_bPaul Hamlyn ,
_c1961 .
490 _aThe colour library of art
650 _a French artist
650 _aPaintings
650 _aThe plates
650 _aArts
942 _cBK
942 _2ddc
_n0
999 _c85408
_d85408